000 01327cam a2200229 4500
001 ##L135808
008 061212n2006 000 0 eng u
035 _a(Sirsi) u135808
041 0 _aeng
050 0 4 _a333.33 $2 18
110 2 _aOve Arup and Partners
245 0 4 _aThe North's residential offer
_bpolicy and investment review
_bphase I report
260 _aLondon
_bArup
_aLondon
_bInnovacion
_c2006
520 _aRunning parallel to Llewelyn Davies Yeang's report "Quality of place" (L135726), this research looks at the existing policy and investment framework that impact on the North's residential offer. The phase I report reveals that there are a number of barriers to overcome to achieve quality of place, and sets out 16 recommendations which cover the changed role of housing, skills and culture change, policy and research, and funding, powers and delivery. Phase II will be more forward looking and develop the recommendations from phase I into practical suggestion for change.
590 _aKA
651 4 _aNORTHERN ENGLAND
690 _aResidential property
_96266
710 2 _aInnovacion
_95086
710 2 _aNorthern Way Sustainable Communities Team
_95087
856 4 0 _uhttps://www.thenorthernway.co.uk/page.asp?id=207
_zView the report free of charge at www.thenorthernway.co.uk...
942 _n0
999 _c106211
_d106211